Statistics for American Twin, Tri and Quad Cities Quiz

Click here to take the quiz!

General Stats

  • This quiz has been taken 3,820 times
  • The average score is 7 of 26

Answer Stats

Group City % Correct
Twin Cities (MN)Minneapolis
92%
DFW Metroplex (TX)Dallas
91%
Twin Cities (MN)St. Paul
89%
DFW Metroplex (TX)Fort Worth
82%
Research Triangle (NC)Raleigh
61%
Research Triangle (NC)Durham
49%
Research Triangle (NC)Chapel Hill
32%
Piedmont Triad (NC)Winston-Salem
25%
Quad Cities (IL/IA)Davenport
24%
Piedmont Triad (NC)Greensboro
24%
Quad Cities (IL/IA)Moline
19%
Quad Cities (IL/IA)Rock Island
15%
Tri-Cities (TN/VA)Bristol
14%
Quad Cities (IL/IA)Bettendorf
12%
Tri-Cities (TN/VA)Johnson City
11%
Tri-Cities (WA)Kennewick
11%
Tri-Cities (WA)Pasco
11%
Tri-Cities (WA)Richland
10%
Tri-Cities (MI)Midland
10%
Tri-Cities (MI)Saginaw
10%
Piedmont Triad (NC)High Point
10%
Tri-Cities (TN/VA)Kingsport
9%
Tri-Cities (MI)Bay City
8%
Golden Triangle (TX)Beaumont
7%
Golden Triangle (TX)Port Arthur
5%
Golden Triangle (TX)Orange
4%

Score Distribution

Percentile by Number Answered

Percent of People with Each Score

Your Score History

You have not taken this quiz